Potter Profession Mega-Match Quiz Stats

 Plays Quiz Updated Apr 8, 2016

Challenge
Share
Tweet
Embed
Score 0/50 Timer 10:00
1 Play Today
% Correct
Garrick Ollivander
86.6%
Rubeus Hagrid
86.5%
Rita Skeeter
85.4%
Igor Karkaroff
85.2%
Cornelius Fudge
84.7%
Gilderoy Lockhart
84.7%
Viktor Krum
84.5%
Poppy Pomfrey
83%
Pomona Sprout
83%
Olympe Maxime
82.4%
Filius Flitwick
82.4%
Horace Slughorn
81.2%
Rolanda Hooch
81.2%
George Weasley
80.7%
Xenophilius Lovegood
80.5%
Mundungus Fletcher
78.8%
Madam Rosmerta
77.7%
Beedle the Bard
77.4%
The Fat Lady
76.6%
Charlie Weasley
76.4%
Cuthbert Binns
74.4%
Argus Filch
74.3%
Vernon Dursley
73.7%
Ernie Prang
72.5%
Madam Malkin
70.3%
% Correct
Bathilda Bagshot
70.2%
Firenze
69.7%
Ludo Bagman
69.4%
Bogrod
69.3%
Marge Dursley
68%
Florean Fortescue
66.7%
Irma Pince
66.6%
Armando Dippet
66.3%
Newt Scamander
64.1%
Walden MacNair
61.3%
Septima Vector
60.2%
Frank Longbottom
60.1%
Celestina Warbeck
60.1%
Bill Weasley
57.1%
Frank Bryce
56.5%
Aidan Lynch
55.7%
Arthur Weasley
52.3%
Reg Cattermole
50.7%
Hassan Mostafa
46.8%
Wilkie Twycross
43.6%
Broderick Bode
39.4%
Amelia Bones
38.1%
Mafalda Hopkirk
37.3%
Griselda Marchbanks
35%
Dirk Cresswell
30.9%

You're not logged in!

Compare scores with friends on all Sporcle quizzes.
OR
Log In

You Might Also Like...

Show Comments

Extras

Top Quizzes Today


Score Distribution

Your Account Isn't Verified!

In order to create a playlist on Sporcle, you need to verify the email address you used during registration. Go to your Sporcle Settings to finish the process.

Report this User

Report this user for behavior that violates our Community Guidelines.

Details: